Climate change report outlines flood risk (Record no. 117006)

MARC details
000 -LEADER
fixed length control field 01133cam a2200241 4500
001 - CONTROL NUMBER
control field WB4006-05
008 - FIXED-LENGTH DATA ELEMENTS--GENERAL INFORMATION
fixed length control field 040210n2004 000 0 eng u
035 ## - SYSTEM CONTROL NUMBER
System control number (Sirsi) u125094
245 ## - TITLE STATEMENT
Title Climate change report outlines flood risk
260 ## - PUBLICATION, DISTRIBUTION, ETC.
Date of publication, distribution, etc. 2004
490 ## - SERIES STATEMENT
Series statement Scottish Executive News Release
Volume/sequential designation (SEen782/2004) 6 February 2004 (3)
520 ## - SUMMARY, ETC.
Summary, etc. A report "Climate change: review of levels of protection offered by flood prevention schemes", commissioned by the Scottish Executive, gives the first ever regional breakdown of the likelihood of flooding in Scotland during this century. It is the first study to give a regional perspective on the impact of climate change on Scotland's rivers and coast. Copies of the report are available to download from http://www.scotland.gov.uk/library5/environment/cc rlp-00.asp. http://www.scotland.gov.uk/pages/news/2004/02/SEen 782.aspx
590 ## - LOCAL NOTE (RLIN)
Local note WB
590 ## - LOCAL NOTE (RLIN)
Local note WB
650 ## - SUBJECT ADDED ENTRY--TOPICAL TERM
Topical term or geographic name entry element SCOTLAND
650 ## - SUBJECT ADDED ENTRY--TOPICAL TERM
Topical term or geographic name entry element FLOODING
650 ## - SUBJECT ADDED ENTRY--TOPICAL TERM
Topical term or geographic name entry element RIVERS
650 ## - SUBJECT ADDED ENTRY--TOPICAL TERM
Topical term or geographic name entry element COASTAL DEFENCES
650 ## - SUBJECT ADDED ENTRY--TOPICAL TERM
Topical term or geographic name entry element CLIMATE CHANGE
650 ## - SUBJECT ADDED ENTRY--TOPICAL TERM
Topical term or geographic name entry element FLOOD PREVENTION
690 ## - LOCAL SUBJECT ADDED ENTRY--TOPICAL TERM (OCLC, RLIN)
Topical term or geographic name as entry element ENVIRONMENT
9 (RLIN) 6238
942 ## - ADDED ENTRY ELEMENTS (KOHA)
Suppress in OPAC 0
Holdings
Withdrawn status Lost status Source of classification or shelving scheme Damaged status Not for loan Home library Current library Shelving location Date acquired Total Checkouts Full call number Barcode Date last seen Copy number Price effective from Koha item type
    Dewey Decimal Classification     London London News article 10/02/2004   WB4006-05 125094-1001 06/08/2019 1 06/08/2019 News article